| 000 | 03050nam0a2200385 4500 | ||
|---|---|---|---|
| 001 | RU\NLR\BIBL_A\012800781 | ||
| 005 | 20251021142114.0 | ||
| 010 |
_a978-5-00185-078-6 _bПросвещение-Союз |
||
| 010 |
_a978-5-09-092426-9 _bПросвещение _91000 |
||
| 021 |
_aRU _bКН-П-22-009762 _9КН-П-22-0803 |
||
| 035 | _a(NLR Aleph) 012800781 | ||
| 035 | _a(RuMoRGB)010981910 | ||
| 090 |
_a13182340 _c13182340 |
||
| 100 | _a20220526d2022 u y0rusy50 ca | ||
| 101 | 0 | _arus | |
| 102 | _aRU | ||
| 105 | _aach z 000zy | ||
| 181 | 0 |
_ai _baxxe |
|
| 182 | 0 | _an | |
| 200 | 1 |
_aФутбол на Красной площади _eзаписки спортивного журналиста _fПётр Спектор |
|
| 203 |
_aТекст _bвизуальный _cнепосредственный |
||
| 210 |
_aМосква _cПросвещение _d2022 |
||
| 215 |
_a430, [1] с., [16] л. ил., цв. ил., портр., факс. _cфакс. _d22 |
||
| 330 | _aЭта книга открывает славные страницы истории футбола, хоккея, гимнастики, шахмат и других видов спорта. Вас ждет настоящий калейдоскоп портретов, забавных случаев и триумфов отечественного и не только спорта, а также - уникальные факты из жизни Эдуарда Стрельцова и Валерия Харламова, Льва Яшина и Владислава Третьяка, Анатолия Карпова и Ольги Корбут, Рината Дасаева и Николая Старостина и многих других. А еще здесь есть рассказы о многолетней дружбе и работе с главредом МК Павлом Гусевым, о встречах с Эдуардом Хруцким, Олегом Ефремовым, Андреем Вознесенским, Ильей Глазуновым, Давидом Иоселиани, а также другими королями литературы и искусства, медицины и политики | ||
| 600 | 1 |
_aСпектор _bП. М. _f1958 _gПётр Маркович _jВоспоминания, записки и т.п _92525465 _3RU\NLR\AUTH\6601710432 |
|
| 606 |
_aФизическая культура и спорт _jВоспоминания, записки и т.п _yРоссийская Федерация _92226800 _3RU\NLR\AUTH\661336760 |
||
| 606 | 1 |
_aФизическая культура и спорт _jВоспоминания, записки и т.п _yСССР _91087971 _3RU\NLR\AUTH\66107341 |
|
| 675 |
_a821.161.1-94 _v4 |
||
| 686 | 1 | _aЧ513(2)7 | |
| 686 | 1 | _aЧ612.3(2Р)7-8Спектор | |
| 700 | 1 |
_aСпектор _bП. М. _f1958- _gПётр Маркович |
|
| 942 | _cBOOK | ||
| 980 | _aNB | ||